My experiments with truth (Record no. 190071)

MARC details
000 -LEADER
fixed length control field 00364nam a22001577a 4500
003 - CONTROL NUMBER IDENTIFIER
control field OSt
020 ## - INTERNATIONAL STANDARD BOOK NUMBER
International Standard Book Number 9788189297527
082 ## - DEWEY DECIMAL CLASSIFICATION NUMBER
Classification number 954.03
Item number GAN/MY
100 ## - MAIN ENTRY--PERSONAL NAME
Personal name Gandhi ,M K
245 ## - TITLE STATEMENT
Title My experiments with truth
250 ## - EDITION STATEMENT
Edition statement 1
260 ## - PUBLICATION, DISTRIBUTION, ETC. (IMPRINT)
Place of publication, distribution, etc. Delhi
Name of publisher, distributor, etc. Farsight publishers and distributors
Date of publication, distribution, etc. 2009
300 ## - PHYSICAL DESCRIPTION
Extent 364p.
650 ## - SUBJECT ADDED ENTRY--TOPICAL TERM
Topical term or geographic name as entry element Autobiography
942 ## - ADDED ENTRY ELEMENTS (KOHA)
Source of classification or shelving scheme Dewey Decimal Classification
Koha item type Books (General)
Holdings
Withdrawn status Lost status Source of classification or shelving scheme Damaged status Not for loan Collection code Home library Current library Shelving location Date acquired Cost, normal purchase price Total Checkouts Full call number Date last seen Date checked out Price effective from Koha item type
    Dewey Decimal Classification     English Fiction College of Co-operation, Banking & Management Library, Vellanikkara College of Co-operation, Banking & Management Library, Vellanikkara   21/10/2017 125.00 1 954.03 GAN/MY 27/05/2019 02/04/2019 21/10/2017 Books (General)
Kerala Agricultural University Central Library
Thrissur-(Dt.), Kerala Pin:- 680656, India
Ph : (+91)(487) 2372219
E-mail: librarian@kau.in
Website: http://library.kau.in/